Data science for business
Guardat en:
| Autors principals: | , |
|---|---|
| Format: | Llibre |
| Idioma: | anglès |
| Publicat: |
Sebastopol
O'Reilly
2013
|
| Edició: | 1a. ed |
| Matèries: | |
| Etiquetes: |
Afegir etiqueta
Sense etiquetes, Sigues el primer a etiquetar aquest registre!
|
MARC
| LEADER | 00000cam a2200000 a 4500 | ||
|---|---|---|---|
| 001 | UCC1470 | ||
| 003 | CL-VaPUC | ||
| 008 | 171025e20130700us |||||||||||||||||eng|d | ||
| 020 | |a 9781449361327 | ||
| 082 | 0 | 4 | |a 658.4038 |b PRO |2 21 |
| 100 | 0 | |a Provost, Foster |e author |9 595562 | |
| 700 | 0 | |a Fawcett, Tom |e author |9 595563 | |
| 245 | 1 | 0 | |a Data science for business |
| 246 | 1 | 0 | |a Data science for business: what you need to know about data mining and data-analytic thinking |
| 250 | |a 1a. ed | ||
| 300 | |a 386 p | ||
| 942 | |c BK | ||
| 945 | |d 20171025 21:08:00 |a arojas | ||
| 260 | |a Sebastopol |b O'Reilly |c 2013 | ||
| 650 | 7 | |a MANEJO DE INFORMACION |2 CL-VaPUC |9 525292 | |
| 650 | 0 | |a Análisis de datos |9 269871 | |
| 650 | 0 | |a Análisis de la información |9 306986 | |
| 650 | 0 | |a Toma de decisiones |9 257530 | |
| 650 | 7 | |a EVALUACION DE LA INFORMACION |2 CL-VaPUC |9 527724 | |
| 583 | |a last modification |c 20171025 21:08:00 |k Rodrigo Vera | ||
| 999 | |c 369968 |d 369966 | ||
| 952 | |0 0 |1 0 |3 erb |4 0 |6 658_403800000000000_PRO_2013 |7 0 |8 A |9 486163 |a BIBING |b BIBING |i 5432723 |l 3 |o 658.4038 PRO 2013 |p 5432723 |r 2025-04-23 |s 2025-04-22 |w 2019-11-24 |y BK |z Catalogado en:20171025 |k EII | ||